Communication and concurrency /

Gespeichert in:
Bibliographische Detailangaben
1. Verfasser: Milner, Robin (Verfasst von)
Format: Buch
Sprache:Englisch
Veröffentlicht: New York : Prentice Hall, 1989
Ausgabe:1.vyd.
Schlagworte:
Tags: Tag hinzufügen
Keine Tags, Fügen Sie das erste Tag hinzu!

MARC

LEADER 00000nam a22000003a 4500
001 stu4906
005 20150617225700.2
008 931206s1989----xxu-----------------eng-d
020 |a 0-13-115007-3 
040 |a STU  |b slo 
041 0 |a eng 
044 |a xxu 
080 |a 681.32.012 
080 |a 519.687 
100 1 |a Milner, Robin  |4 aut 
245 1 |a Communication and concurrency /  |c [aut.] Milner,Robin 
250 |a 1.vyd. 
260 |a New York :  |b Prentice Hall,  |c 1989 
300 |a 260 s 
650 7 |a súbežné spracovanie  |2 stusub 
650 7 |a súbežné programovanie  |2 stusub 
996 |b 284IQ00099  |c I*18PD4787  |l II680  |s A  |a 24  |w stu4906_0001